Spider-Man: Across the Spider-Verse Characters - Statistics

General Stats
  • This quiz has been taken 58 times
  • The average score is 10 of 21
Answer Stats
Hint Answer % Correct
Alternate Protagonist Miles G Morales
100%
Protagonist Miles Morales
100%
Protagonist's Love Interest Gwen Stacy
96%
Spider-Man 2099 Miguel O'Hara
85%
Main Antagonist Spot
85%
Spider-Punk Hobie Brown
77%
Protagonist's Mother Rio Morales
77%
Protagonist's 2nd Mentor Peter B Parker
70%
1st Spider-Man Peter Parker
64%
Protagonist's Father Jeff Morales
51%
Spider-Pav Pavithr Prabhakar
43%
Spider-Woman Jessica Drew
40%
Alternate Uncle Aaron Davis
28%
Scarlet Spider Ben Reilly
26%
AI Spider-System LYLA
26%
Angry News Anchor J Jonah Jameson
23%
Love Interest's Father George Stacy
21%
Cyber Spider-Person Margo Kess
11%
Jamaican Shop Owner Lenny
2%
Hispanic Bird Villain Adriano Tumino
0%
Counselor Ms Weber
0%
No matching quizzes found
Score Distribution
Percent of People with Each Score
Percentile by Number Answered
Your Score History
You have not taken this quiz